Curso de derecho romano clásico : introducción e historia, acciones, bienes, familia, sucesiones, liberalidades, obligaciones y contratos /

Guardado en:
Detalles Bibliográficos
Autor principal: Adame Goddard, Jorge (autor)
Formato: Libro
Idioma:Español
Publicado: México : Porrúa, 2017, c2017
Temas:
Etiquetas: Agrega una etiqueta
Sin etiquetas, Sé el primero en etiquetar este registro!

MARC

LEADER 00000nam^a2200000^a^4500
001 000397940
005 20250521000000.0
009 20260526143437.137
020 |a 978-607-09-2687-7 
037 |a Acervo ITESO - Biblioteca 
041 |a ESP 
082 |a 340. 54  |b ADA 
100 |a Adame Goddard, Jorge  |e (autor) 
245 1 0 |a Curso de derecho romano clásico :  |b introducción e historia, acciones, bienes, familia, sucesiones, liberalidades, obligaciones y contratos /  |c J. Adame Goddard. 
264 4 |a México :  |b Porrúa,  |c 2017, c2017 
300 |a X, 265 p. 
336 |a texto  |b txt  |2 rdacontenido 
337 |a sin mediación  |b n  |2 rdamedio 
338 |a volumen  |b nc  |2 rdasoporte 
521 |a 2017 BO Licenciatura en Derecho 
649 |a XX 
650 |a Crédito -  |z Roma -  |x Historia Antigua 
650 |a Justicia -  |x Administración -  |z Roma -  |x Historia 
650 |a Derecho de Familia -  |z Roma -  |x Historia Antigua 
650 |a Derecho de las Personas -  |z Roma -  |x Historia Antigua 
650 |a Derecho Patrimonial -  |z Roma -  |x Historia Antigua 
650 |a Derecho Civil -  |z Roma -  |x Historia Antigua 
650 |a Derecho Procesal -  |z Roma -  |x Historia Antigua 
650 |a Derecho Romano -  |x Fuentes 
650 |a Derecho Romano -  |x Historia 
650 |a Derecho Romano -  |x Tema Principal 
650 |a Derecho Antiguo 
910 |a Fondo General 
920 |a Impresos - Libros 
930 |a Colección General 
905 |a 101 
901 |a 0500293252  |b IT1  |c ACC  |i C 156418  |u 20250521 
901 |a 0500293459  |b IT1  |c ACC  |i C156419  |u 20250521 
902 |a https://opac.biblio.iteso.mx/vufind/Record/000397940